000 00398nam a2200133Ia 4500
008 100328s9999 xx 000 0 und d
082 _b19727
100 _aमराठे प्रभाकर.द.
245 _aअंधारपुत्र
260 _bमेघा लोणकर
630 _aअंधारपुत्र
730 _aअंधारपुत्र
942 _cBOOK
999 _c513998
_d513995